| 000 | 00791pam a2200241 a 4500 | ||
|---|---|---|---|
| 001 | 710557 | ||
| 005 | 20180314081444.0 | ||
| 008 | 970905s1998 njua b 001 0 eng | ||
| 010 | _a 97040338 | ||
| 020 | _a0805828982 (cloth : alk. paper) | ||
| 020 | _a0805828990 (pbk. : alk. paper) | ||
| 040 |
_aDLC _cDLC _dDLC |
||
| 041 | _aeng | ||
| 080 | _a372.462 met | ||
| 082 | 0 | 0 |
_a372.462 met _221 |
| 100 | _a25 | ||
| 101 | _aedu | ||
| 245 | 0 | 0 |
_aWord recognition in beginning literacy / _cedited by Jamie L. Metsala and Linnea C. Ehri. |
| 504 | _aIncludes bibliographical references and indexes. | ||
| 906 |
_a7 _bcbc _corignew _d1 _eocip _f19 _gy-gencatlg |
||
| 942 |
_2ddc _cBK |
||
| 999 |
_c45006 _d45006 |
||